Fair and festivals of Indian tribes / (Record no. 87663)
[ view plain ]
| 000 -LEADER | |
|---|---|
| fixed length control field | 00756nam a22002177a 4500 |
| 005 - DATE AND TIME OF LATEST TRANSACTION | |
| control field | 20140807154107.0 |
| 010 ## - LCCN (DPL NO) | |
| LC control number | B-506324-329 |
| 020 ## - INTERNATIONAL STANDARD BOOK NUMBER | |
| International Standard Book Number | 9788126147472 |
| Terms of availability | 1000.00 |
| 035 ## - SYSTEM CONTROL NUMBER | |
| System control number | B-506324-329 |
| 037 ## - SOURCE OF ACQUISITION | |
| Stock number | KBD/Ven |
| Source of stock number/acquisition | dpl |
| 082 ## - DEWEY DECIMAL CLASSIFICATION NUMBER | |
| Classification number | 305.800954 |
| 100 ## - MAIN ENTRY--PERSONAL NAME | |
| Personal name | Prasad, Ravi Shanker |
| 245 ## - TITLE STATEMENT | |
| Title | Fair and festivals of Indian tribes / |
| Statement of responsibility, etc | by Ravi Shanker Prasad [and] Pramod kumar Sinha |
| 260 ## - PUBLICATION, DISTRIBUTION, ETC. (IMPRINT) | |
| Place of publication, distribution, etc | New Delhi |
| Name of publisher, distributor, etc | Anmol Publications |
| Date of publication, distribution, etc | 2012 |
| 270 ## - ADDRESS | |
| Address | 4360/4, Ansari Road, Darya Ganj |
| City | Delhi |
| Postal code | 110002 |
| 300 ## - PHYSICAL DESCRIPTION | |
| Extent | viii,296p. |
| Dimensions | 24cms. |
| 500 ## - GENERAL NOTE | |
| General note | includes index |
| 700 ## - ADDED ENTRY--PERSONAL NAME | |
| Personal name | Sinha, Pramod Kumar |
| 942 ## - ADDED ENTRY ELEMENTS (KOHA) | |
| Source of classification or shelving scheme | Dewey Decimal Classification |
| Item type | English Books |
| Classification part | 305.800954 |
| Call number suffix | PRA |
| Withdrawn status | Lost status | Not for loan | Collection code | Home library | Current library | Date acquired | Source of acquisition | Cost, normal purchase price | Full call number | Barcode | Copy number | Cost, replacement price | Koha item type |
|---|---|---|---|---|---|---|---|---|---|---|---|---|---|
| Non-fiction | Central Library | Central Library | 07/08/2014 | KBD/BL22/19.3.2013/171/19.3.2013/22.3.2013 | 1000.00 | 305.800954 PRA | B-506324 | 1 | 1000.00 | English Books | |||
| Non-fiction | Janak Puri | Janak Puri | 07/08/2014 | KBD/BL22/19.3.2013/171/19.3.2013/22.3.2013 | 1000.00 | 305.800954 PRA | B-506326 | 1 | 1000.00 | English Books | |||
| Non-fiction | Karol Bagh | Karol Bagh | 07/08/2014 | KBD/BL22/19.3.2013/171/19.3.2013/22.3.2013 | 1000.00 | 305.800954 PRA | B-506328 | 1 | 1000.00 | English Books | |||
| Non-fiction | Patel Nagar | Patel Nagar | 07/08/2014 | KBD/BL22/19.3.2013/171/19.3.2013/22.3.2013 | 1000.00 | 305.800954 PRA | B-506325 | 1 | 1000.00 | English Books | |||
| Non-fiction | Sarojini Nagar | Sarojini Nagar | 07/08/2014 | KBD/BL22/19.3.2013/171/19.3.2013/22.3.2013 | 1000.00 | 305.800954 PRA | B-506327 | 1 | 1000.00 | English Books | |||
| Non-fiction | Shahdara Branch | Shahdara Branch | 07/08/2014 | KBD/BL22/19.3.2013/171/19.3.2013/22.3.2013 | 1000.00 | 305.800954 PRA | B-506329 | 1 | 1000.00 | English Books |
